000 00612nam a2200193Ia 4500
003 GCL
008 140319s9999 xx 000 0 ara d
040 _aGCL /
_cGCL
082 0 4 _a810.9
_bق ب
100 1 _aقاسم عبده قاسم
245 1 0 _aبين الادب و التاريخ /
_cقاسم عبده قاسم
260 _a[S.N] :
_bدار الفكر للدراسات والنشر والتوزيع ،
_c1986
300 _a156 ص
490 _aكتاب الفكر
_v0
650 0 4 _aالادب العربى
650 0 4 _aالادب المقارن
650 0 4 _aتاريخ ونقد
942 _2ddc
_cBK
999 _c45236
_d45236